000 00398nam a22001577a 4500
003 UA-OsUOA
001 5146
007 ta
008 20050721b un ||||| |||| 00| 0 ukr d
100 _aАртемчук Г.І.
942 _cBK
040 _aUA-OsUOA
_cUA-OsUOA
_dUA-OsUOA
245 _aНауковий Вісник КНЛУ: Філологія 6.
_bLanguage Studies
955 _a2
650 7 _2UDC
999 _c291308
_d291308